00665nam a2200169 a 450000100100000000500170001000800410002704000250006808200150009311000690010824500200017726000670019730000220026404900090028695201830029599900170047800003333220250221073755.0091207s1936 dr a 000 0 spa d aDO-SdBNPbspacBNPHU axxxbC396n1 aRepública Dominicana.bOficina Nacional de Estadística9577510aCenso nacional. aCiudad Trujillo, República Dominicana :bLa Nación,c1936. a23 p. : ;c28 cm. aBNPD 00107-18PDaPDbPDcOId2011-08-24iLF1l0oxxx C396np33332-10r2020-06-25w2020-06-25yLFPDzPerteneció a la biblioteca personal de Carlos Larrazábal BlancoZNo se presta c32823d32823